| 000 | 00492nam a2200181Ia 4500 | ||
|---|---|---|---|
| 999 |
_c29918 _d29918 |
||
| 003 | OSt | ||
| 005 | 20201125100244.0 | ||
| 008 | 190216s9999||||xx |||||||||||||| ||und|| | ||
| 020 | _a9788126422463 | ||
| 040 | _coclc | ||
| 082 |
_a894.8123 _bSRE/L |
||
| 100 |
_aSreelekha, R _96916 |
||
| 245 | 0 |
_aLottos Theenikal / _cR Sreelekha |
|
| 260 |
_bDc Books, _c2011. _aKottayam: |
||
| 300 | _a240p | ||
| 650 | _aNovel | ||
| 942 |
_cBK _2ddc _h894.8123 _iSRE/L _k894.8123 _mSRE/L |
||